[Event "Konnerud høstturnering"]
[Site "Konnerud kino bydelshus"]
[Date "2016.09.07"]
[Round "1"]
[White "Rørvik, Jon"]
[Black "Jahnsen, Bjørn"]
[Result "1-0"]
[WhiteElo "2145"]
[BlackElo "1534"]
[PlyCount "57"]
[EventDate "2016.??.??"]

1. c4 c6 2. e4 e5 3. Nc3 Nf6 4. g3 Bb4 5. Nge2 O-O 6. Bg2 d6 7. O-O Bg4 8. f3
Be6 9. d3 Nbd7 10. h3 a6 11. f4 Nc5 12. Be3 b5 13. b3 Qc8 14. Kh2 Qc7 15. a3
Bxc3 16. Nxc3 Qb8 17. fxe5 Nfd7 18. d4 Nb7 19. d5 cxd5 20. exd5 Qc7 21. exd6
Qa5 22. b4 Qd8 23. dxe6 fxe6 24. Bxb7 Rb8 25. Rxf8+ Qxf8 26. Bg2 Rc8 27. c5 Ne5
28. d7 Rd8 29. c6
1-0

[Event "Konnerud høstturnering"]
[Site "Konnerud kino bydelshus"]
[Date "2016.09.07"]
[Round "1"]
[White "Aure, Håvard"]
[Black "Taksrud, Vidar"]
[Result "0-1"]
[WhiteElo "1459"]
[BlackElo "1991"]
[PlyCount "50"]
[EventDate "2016.??.??"]

1. c4 e5 2. Nc3 Nf6 3. g3 Bb4 4. Bg2 O-O 5. e3 Re8 6. Nge2 c6 7. O-O d5 8. cxd5
cxd5 9. Qb3 Bxc3 10. Nxc3 e4 11. f3 Na6 12. fxe4 Nc5 13. Qc2 Ncxe4 14. d3 Ng5
15. e4 Nh3+ 16. Kh1 dxe4 17. dxe4 Bg4 18. Bf3 Bxf3+ 19. Rxf3 Ng4 20. Kg2 Ng5
21. Rf4 Nf6 22. h4 Ngxe4 23. Nxe4 Nxe4 24. Rxe4 Qd5 25. Kf3 f5
0-1

[Event "Konnerud høstturnering"]
[Site "Konnerud kino bydelshus"]
[Date "2016.09.07"]
[Round "1"]
[White "Olaisen, Jan Magnus"]
[Black "Flemsæter, Egil"]
[Result "1-0"]
[WhiteElo "1788"]
[BlackElo "1459"]
[PlyCount "53"]
[EventDate "2016.??.??"]

1. e4 e5 2. Nf3 Nc6 3. Bb5 Nf6 4. O-O a6 5. Bxc6 dxc6 6. Nxe5 Bd6 7. Nc4 Bxh2+
8. Kh1 Ng4 9. g3 Qg5 10. Kg2 Qh5 11. Rh1 O-O 12. d3 b5 13. Nbd2 bxc4 14. Nf1
Qc5 15. d4 Qe7 16. f3 Bxg3 17. Nxg3 Nf6 18. Bf4 Bb7 19. Qd2 a5 20. Rag1 g6 21.
Kf2 c5 22. d5 a4 23. Qc3 Rfe8 24. Nh5 Nxh5 25. Rxh5 f5 26. Rxg6+ Kf7 27. Qg7#
1-0

[Event "Konnerud høstturnering"]
[Site "Konnerud kino bydelshus"]
[Date "2016.09.07"]
[Round "1"]
[White "Damli, Robert Forthun"]
[Black "Aure, Anders Nilsson"]
[Result "0-1"]
[WhiteElo "1330"]
[BlackElo "1757"]
[PlyCount "80"]
[EventDate "2016.??.??"]

1. e4 c5 2. Nf3 d6 3. Nc3 Nc6 4. Bb5 Bd7 5. O-O Nf6 6. d3 g6 7. Bxc6 Bxc6 8.
Be3 Bg7 9. b3 O-O 10. Bd2 b5 11. a3 Nd7 12. Re1 b4 13. axb4 cxb4 14. Ra6 bxc3
15. Rxc6 cxd2 16. Qxd2 Rc8 17. Rxc8 Qxc8 18. c4 Qb7 19. Rb1 Rb8 20. Qc2 Qb4 21.
h3 a5 22. Nd2 Bc3 23. Nf3 Ne5 24. Ng5 h6 25. Nf3 Nxf3+ 26. gxf3 a4 27. Qa2 axb3
28. Qa7 Qb7 29. Qxb7 Rxb7 30. Kf1 b2 31. Ke2 Ra7 32. Kd1 Ra1 33. Kc2 Kg7 34. f4
Rxb1 35. Kxb1 g5 36. f5 Kf6 37. f3 Ke5 38. Kc2 Kf4 39. d4 Bxd4 40. Kb1 Kxf3
0-1

[Event "Konnerud høstturnering"]
[Site "Konnerud kino bydelshus"]
[Date "2016.09.07"]
[Round "1"]
[White "Næss, Terje Sandviken"]
[Black "Sveia, Per Arne"]
[Result "1-0"]
[WhiteElo "1696"]
[BlackElo "1178"]
[PlyCount "63"]
[EventDate "2016.??.??"]

1. e4 b6 2. Bc4 e6 3. f4 Bb7 4. Nc3 Bc5 5. d4 Bb4 6. Bd3 Nf6 7. Qf3 O-O 8. Nge2
d5 9. e5 Nfd7 10. O-O Ba6 11. f5 Bxd3 12. cxd3 exf5 13. Nxd5 Be7 14. Nxe7+ Qxe7
15. Qxa8 a5 16. Qf3 c5 17. dxc5 Qxc5+ 18. d4 Qb5 19. Nc3 Qc4 20. Be3 g6 21.
Rac1 Qe6 22. b3 Nc6 23. d5 Qxe5 24. dxc6 Nf6 25. Bf4 Qc5+ 26. Kh1 Re8 27. Ne4
Qe7 28. Nxf6+ Qxf6 29. c7 Rc8 30. Qb7 Qe6 31. Rfe1 Qd7 32. Red1
1-0

[Event "Konnerud høstturnering"]
[Site "Konnerud kino bydelshus"]
[Date "2016.09.21"]
[Round "1"]
[White "Andersson, Øivind"]
[Black "Løvaas, Roger"]
[Result "1-0"]
[WhiteElo "1556"]
[BlackElo "1510"]
[PlyCount "87"]
[EventDate "2016.??.??"]

1. e4 e6 2. Nf3 d5 3. Nc3 Bb4 4. exd5 Bxc3 5. bxc3 Qxd5 6. c4 Qd8 7. Bb2 Nf6 8.
Be2 O-O 9. O-O b6 10. d3 Bb7 11. Ne5 Nbd7 12. Bf3 Bxf3 13. Qxf3 Nxe5 14. Bxe5
Qe7 15. Rfe1 c5 16. Qg3 Rad8 17. Re4 g6 18. Qh4 Nd5 19. cxd5 Qxh4 20. Rxh4 Rxd5
21. Re4 f5 22. Re2 Kf7 23. Rae1 Re8 24. f4 b5 25. Re3 a5 26. c3 Re7 27. a3 Red7
28. d4 c4 29. Bb8 Rb7 30. Be5 b4 31. axb4 axb4 32. cxb4 Rxb4 33. Rc3 Rd8 34.
Rec1 Rc8 35. Bd6 Ra4 36. Bc5 Ke8 37. Rxc4 Ra2 38. R1c2 Ra1+ 39. Kf2 Rb1 40. g3
Ra8 41. Kg2 Raa1 42. Bd6 g5 43. fxg5 Kf7 44. Bf4
1-0

[Event "Konnerud høstturnering"]
[Site "Konnerud kino bydelshus"]
[Date "2016.10.26"]
[Round "1"]
[White "Bjørklund, Torfinn"]
[Black "Ruud, Steffen"]
[Result "1-0"]
[WhiteElo "1433"]
[BlackElo "1526"]
[PlyCount "43"]
[EventDate "2016.??.??"]

1. d4 d5 2. c4 c6 3. cxd5 cxd5 4. Nc3 e6 5. Nf3 Be7 6. Bf4 Nc6 7. e3 Nf6 8. a3
O-O 9. Bd3 Nh5 10. Bg3 Nxg3 11. fxg3 a6 12. O-O Qc7 13. Qc2 f5 14. Ne2 e5 15.
dxe5 Nxe5 16. Qxc7 Nxf3+ 17. Rxf3 Bd8 18. Qe5 Bf6 19. Qxd5+ Rf7 20. Nf4 Bd7 21.
Bc4 Raf8 22. Qxd7
1-0

[Event "Konnerud høstturnering"]
[Site "Konnerud kino bydelshus"]
[Date "2016.10.05"]
[Round "2"]
[White "Næss, Terje Sandviken"]
[Black "Rørvik, Jon"]
[Result "0-1"]
[WhiteElo "1696"]
[BlackElo "2145"]
[PlyCount "88"]
[EventDate "2016.??.??"]

1. e4 e5 2. Bc4 Nf6 3. Nf3 Bc5 4. O-O Nc6 5. c3 d6 6. b4 Bb6 7. Qb3 O-O 8. d3
h6 9. Be3 Qe7 10. Nh4 Kh7 11. Bxb6 axb6 12. Nf3 Nd8 13. Qc2 Be6 14. Nbd2 Nh5
15. d4 Bg4 16. Ne1 Nf4 17. f3 Bd7 18. Rf2 exd4 19. cxd4 Nc6 20. Qc3 d5 21. Bf1
Qxb4 22. Qe3 Qxd4 23. Qxd4 Nxd4 24. g3 dxe4 25. Nxe4 Nfe6 26. Bd3 f5 27. Nc3
Nc5 28. Bf1 Bc6 29. Rd1 Rfe8 30. Rfd2 Nxf3+ 31. Nxf3 Bxf3 32. Rc1 Rad8 33. Rf2
Be4 34. Re1 Nd3 35. Rxe4 fxe4 36. Rf7 Nc5 37. Bh3 e3 38. Bg4 c6 39. Ne2 Kg8 40.
Rf3 g6 41. h4 h5 42. Bh3 Rd2 43. Bf1 Rxa2 44. Nf4 e2
0-1

[Event "Konnerud høstturnering"]
[Site "Konnerud kino bydelshus"]
[Date "2016.09.21"]
[Round "2"]
[White "Taksrud, Vidar"]
[Black "Nilsen, Helmer"]
[Result "1-0"]
[WhiteElo "1991"]
[BlackElo "1550"]
[PlyCount "39"]
[EventDate "2016.??.??"]

1. Nf3 d5 2. c4 c6 3. g3 Nf6 4. Bg2 g6 5. O-O Bg7 6. d4 Bf5 7. Nc3 Nbd7 8. cxd5
Nxd5 9. Nxd5 cxd5 10. Bf4 Qb6 11. Qd2 Rc8 12. Rfc1 O-O 13. Rc3 Nf6 14. Rb3 Qc6
15. Ne5 Qc2 16. Qe1 Be6 17. Rc1 Qf5 18. Rxb7 Nh5 19. Nc6 Nxf4 20. Nxe7+
1-0

[Event "Konnerud høstturnering"]
[Site "Konnerud kino bydelshus"]
[Date "2016.09.14"]
[Round "2"]
[White "Marthinussen, Emma Viktoria L"]
[Black "Olaisen, Jan Magnus"]
[Result "0-1"]
[WhiteElo "1302"]
[BlackElo "1788"]
[PlyCount "100"]
[EventDate "2016.??.??"]

1. e4 c5 2. Nc3 Nc6 3. Nf3 d6 4. Bc4 Nf6 5. h3 g6 6. O-O Bg7 7. d3 O-O 8. Bg5
a6 9. Qd2 b5 10. Bd5 Bd7 11. Bxc6 Bxc6 12. Bh6 e5 13. Bxg7 Kxg7 14. Ne2 Bd7 15.
b3 a5 16. Rfc1 Ne8 17. c3 f5 18. exf5 Bxf5 19. Ng3 Bxh3 20. Ng5 Bd7 21. d4 h6
22. Nf3 Bc6 23. d5 Bd7 24. c4 b4 25. Re1 Nf6 26. Qe3 Qe7 27. Ne4 Nxe4 28. Qxe4
Bf5 29. Qe3 Rae8 30. a3 Ra8 31. axb4 axb4 32. Rxa8 Rxa8 33. Nd2 Ra2 34. f4 Qf6
35. Nf3 e4 36. Nd2 Qb2 37. Re2 Qd4 38. Qxd4+ cxd4 39. g3 e3 40. c5 Rxd2 41. Kf1
Bd3 42. c6 Rd1+ 43. Kg2 Bxe2 44. c7 Ba6 45. Kf3 Rf1+ 46. Kg2 e2 47. c8=Q Bxc8
48. f5 e1=Q 49. f6+ Kxf6 50. g4 Qf2+
0-1

[Event "Konnerud høstturnering"]
[Site "Konnerud kino bydelshus"]
[Date "2016.09.14"]
[Round "2"]
[White "Høisveen, Tore"]
[Black "Andersson, Øivind"]
[Result "1-0"]
[WhiteElo "1566"]
[BlackElo "1556"]
[PlyCount "102"]
[EventDate "2016.??.??"]

1. e4 c5 2. Bc4 e6 3. Nf3 Nc6 4. a3 a6 5. d3 b5 6. Ba2 d6 7. Nc3 Be7 8. h3 Bf6
9. O-O Nge7 10. Nh2 Ne5 11. f4 N5g6 12. Ng4 Bd4+ 13. Be3 h5 14. Bxd4 cxd4 15.
f5 Nf8 16. f6 g6 17. fxe7 Qxe7 18. Nf6+ Kd8 19. Ne2 Nd7 20. Nxd7 Bxd7 21. Nxd4
Rf8 22. Ne2 Qg5 23. Rf3 Rc8 24. c4 Ke7 25. Qf1 Qe5 26. Nc3 Qd4+ 27. Qf2 Qg7 28.
Rf1 f6 29. cxb5 axb5 30. d4 g5 31. Bb1 g4 32. Rg3 Bc6 33. d5 Bd7 34. h4 e5 35.
Bd3 Rc5 36. Qe2 Rb8 37. Na2 Rbc8 38. Nb4 Qh6 39. Nc6+ Bxc6 40. dxc6 R8xc6 41.
Bxb5 Rc2 42. Qe3 Qxe3+ 43. Rxe3 R6c5 44. Rb3 g3 45. Ba6 Rc7 46. a4 Rc1 47. Rxg3
Rxf1+ 48. Bxf1 Rc1 49. b3 Re1 50. a5 Rxe4 51. a6 Rb4
1-0

[Event "Konnerud høstturnering"]
[Site "Konnerud kino bydelshus"]
[Date "2016.09.14"]
[Round "2"]
[White "Omland, Harald"]
[Black "Flemsæter, Egil"]
[Result "1-0"]
[WhiteElo "1547"]
[BlackElo "1459"]
[PlyCount "65"]
[EventDate "2016.??.??"]

1. f4 d6 2. e4 e5 3. Ne2 Bg4 4. g3 Bf3 5. Rg1 Bxe4 6. d4 exf4 7. Bxf4 Nf6 8.
Nbc3 Bc6 9. d5 Bd7 10. Bg2 Be7 11. Qd2 Bf5 12. h3 Nbd7 13. O-O-O O-O 14. Rde1
Re8 15. Nd4 Bg6 16. g4 h5 17. gxh5 Nxh5 18. Be3 Bh4 19. Bf2 Rxe1+ 20. Qxe1 Bxf2
21. Qxf2 Qg5+ 22. Kb1 Re8 23. Ndb5 a6 24. Nd4 Qe5 25. Nf3 Qf5 26. Bf1 Ne5 27.
Be2 Qxc2+ 28. Ka1 Nxf3 29. Qxf3 Nf6 30. h4 Bh5 31. Qxf6 g6 32. Bxh5 Kh7 33.
Qxf7+
1-0

[Event "Konnerud høstturnering"]
[Site "Konnerud kino bydelshus"]
[Date "2016.10.26"]
[Round "2"]
[White "Jahnsen, Bjørn"]
[Black "Damli, Robert Forthun"]
[Result "1-0"]
[WhiteElo "1534"]
[BlackElo "1330"]
[PlyCount "86"]
[EventDate "2016.??.??"]

1. d4 d5 2. Nf3 Nf6 3. g3 Nc6 4. Bg2 Bg4 5. Nbd2 e6 6. O-O Bd6 7. h3 Bxf3 8.
Nxf3 O-O 9. Qd3 h6 10. Qb3 b6 11. c3 Ne4 12. Kh2 Qf6 13. Qa4 Nb8 14. Qc2 Qg6
15. Ne5 Bxe5 16. dxe5 Nd7 17. Bf4 Ndc5 18. f3 Ng5 19. Qxg6 fxg6 20. Rac1 Na4
21. b3 Nc5 22. Rcd1 c6 23. Rd4 Rad8 24. Bxg5 hxg5 25. Rg4 Rf5 26. f4 gxf4 27.
gxf4 Kf7 28. e3 b5 29. Rg1 Rh8 30. b4 Na4 31. e4 dxe4 32. Bxe4 Rfh5 33. Bxg6+
Kf8 34. Bxh5 Rxh5 35. Rxg7 Nxc3 36. Rxa7 Ne2 37. Rgg7 Rf5 38. Rgc7 Kg8 39. Rc8+
Rf8 40. Rxc6 Nxf4 41. Rc5 Ne2 42. Kg2 Nd4 43. Rd7 Rf4
1-0

[Event "Konnerud høstturnering"]
[Site "Konnerud kino bydelshus"]
[Date "2016.09.14"]
[Round "2"]
[White "Løvaas, Roger"]
[Black "Bjørklund, Torfinn"]
[Result "0-1"]
[WhiteElo "1510"]
[BlackElo "1433"]
[PlyCount "110"]
[EventDate "2016.??.??"]

1. d4 d5 2. Bf4 Nf6 3. e3 e6 4. h3 Bd6 5. Bg5 Nbd7 6. Nf3 b6 7. Bb5 Bb7 8. Ne5
c6 9. Nxc6 Bxc6 10. Bxc6 Rc8 11. Bxd7+ Kxd7 12. c3 h6 13. Qa4+ Ke7 14. Bxf6+
Kxf6 15. Nd2 g6 16. O-O Qc7 17. e4 dxe4 18. Nxe4+ Kg7 19. Rac1 Be7 20. Qb5 Rhd8
21. Rfd1 Rd5 22. Qd3 b5 23. Nd2 Rcd8 24. Qe2 Bg5 25. c4 Rxd4 26. Nf3 Rxd1+ 27.
Rxd1 Rxd1+ 28. Qxd1 Qxc4 29. Qd4+ Bf6 30. Qxc4 bxc4 31. Nd2 c3 32. bxc3 Bxc3
33. Nc4 e5 34. Kf1 f5 35. Ke2 e4 36. Ke3 Kf6 37. Nd6 Ba5 38. f3 Bb6+ 39. Ke2 e3
40. g3 g5 41. f4 Ke6 42. Nc4 gxf4 43. gxf4 Kd5 44. Nxe3+ Bxe3 45. Kxe3 Kc4 46.
a3 a5 47. a4 Kb4 48. Kd4 Kxa4 49. Ke5 Kb5 50. Kxf5 a4 51. Kg6 a3 52. f5 a2 53.
f6 a1=Q 54. f7 Qh8 55. h4 Kc6
0-1

[Event "Konnerud høstturnering"]
[Site "Konnerud kino bydelshus"]
[Date "2016.09.14"]
[Round "2"]
[White "Sveia, Per Arne"]
[Black "Aure, Håvard"]
[Result "1-0"]
[WhiteElo "1178"]
[BlackElo "1459"]
[PlyCount "65"]
[EventDate "2016.??.??"]

1. c4 e5 2. d3 Bc5 3. e4 Nf6 4. Bg5 O-O 5. Nc3 c6 6. Na4 Be7 7. Nf3 d6 8. Be2
h6 9. Be3 Qa5+ 10. Nc3 Be6 11. Bd2 Qb6 12. b3 Nbd7 13. O-O d5 14. exd5 cxd5 15.
h3 d4 16. Na4 Qc7 17. Nh2 Bd6 18. Ng4 e4 19. Nxf6+ Nxf6 20. dxe4 Nxe4 21. Bf3
f5 22. Bxe4 fxe4 23. Qh5 Bf7 24. Qg4 g5 25. Qxe4 Bh2+ 26. Kh1 Qe5 27. Rfe1 Rae8
28. Qxe5 Bxe5 29. Bb4 Bg7 30. Bxf8 Kxf8 31. Rxe8+ Kxe8 32. Nc5 b6 33. Re1+
1-0

[Event "Konnerud høstturnering"]
[Site "Konnerud kino bydelshus"]
[Date "2016.09.28"]
[Round "3"]
[White "Rørvik, Jon"]
[Black "Omland, Harald"]
[Result "1-0"]
[WhiteElo "2145"]
[BlackElo "1547"]
[PlyCount "21"]
[EventDate "2016.??.??"]

1. c4 c5 2. Nc3 e6 3. g3 Nf6 4. Bg2 Be7 5. e4 d6 6. Nge2 Nc6 7. O-O O-O 8. d3
a6 9. h3 Rb8 10. f4 b5 11. e5
1-0

[Event "Konnerud høstturnering"]
[Site "Konnerud kino bydelshus"]
[Date "2016.09.28"]
[Round "3"]
[White "Olaisen, Jan Magnus"]
[Black "Taksrud, Vidar"]
[Result "0-1"]
[WhiteElo "1788"]
[BlackElo "1991"]
[PlyCount "141"]
[EventDate "2016.??.??"]

1. e4 d5 2. exd5 Nf6 3. d4 Nxd5 4. c4 Nb6 5. Nc3 Nc6 6. d5 Ne5 7. Qd4 Ng6 8.
Nf3 e6 9. Bd3 Qf6 10. Qxf6 gxf6 11. Nb5 Bb4+ 12. Kd1 Kd8 13. a3 Be7 14. dxe6
fxe6 15. Re1 c6 16. Nc3 e5 17. Kc2 Be6 18. b3 a5 19. Be3 Nd7 20. Na4 Ke8 21. c5
Kf7 22. Nd2 f5 23. f3 Rad8 24. Nc4 Nh4 25. Rg1 Rhg8 26. Bf1 f4 27. Bf2 Bf5+ 28.
Kc1 Ng6 29. Nxa5 Nf6 30. Bc4+ Nd5 31. Nc3 Be6 32. Nxd5 cxd5 33. Bd3 Rc8 34. Kd2
Bxc5 35. Bxc5 Rxc5 36. Nxb7 Rc7 37. Nd6+ Ke7 38. Nb5 Rb7 39. a4 Nh4 40. Ke2 Kf6
41. g3 Ng6 42. Rac1 Rbg7 43. Nc7 fxg3 44. Nxe6 Kxe6 45. Bxg6 gxh2 46. Bf7+ Kxf7
47. Rxg7+ Rxg7 48. Kf2 d4 49. Rh1 Kg6 50. Rxh2 Rb7 51. Rh1 Rxb3 52. Ra1 Kf5 53.
a5 Kf4 54. a6 Rb2+ 55. Kf1 Rb8 56. a7 Ra8 57. Kf2 h5 58. Ra6 h4 59. Rf6+ Kg5
60. Ra6 Kf5 61. Kf1 h3 62. Kf2 h2 63. Kg2 Kf4 64. Kxh2 Kxf3 65. Ra3+ Ke2 66.
Ra4 Ke3 67. Kg1 d3 68. Kf1 Rf8+ 69. Ke1 d2+ 70. Kd1 Rf1+ 71. Kc2
0-1

[Event "Konnerud høstturnering"]
[Site "Konnerud kino bydelshus"]
[Date "2016.11.30"]
[Round "3"]
[White "Bjørklund, Torfinn"]
[Black "Aure, Anders Nilsson"]
[Result "0-1"]
[WhiteElo "1433"]
[BlackElo "1757"]
[PlyCount "44"]
[EventDate "2016.??.??"]

1. d4 Nf6 2. c4 g6 3. g3 Bg7 4. Nc3 d5 5. cxd5 Nxd5 6. Bg2 Nxc3 7. bxc3 c5 8.
Nf3 Nc6 9. Be3 O-O 10. O-O Bf5 11. Qd2 Qa5 12. Rac1 Rfd8 13. d5 e6 14. c4 Qxd2
15. Bxd2 exd5 16. cxd5 Rxd5 17. Rfe1 Be4 18. Be3 b6 19. Rc4 Re8 20. Bf4 Nd4 21.
Kf1 Nxf3 22. exf3 Bd3+
0-1

[Event "Konnerud høstturnering"]
[Site "Konnerud kino bydelshus"]
[Date "2016.10.05"]
[Round "3"]
[White "Andersson, Øivind"]
[Black "Marthinussen, Emma Viktoria L"]
[Result "0-1"]
[WhiteElo "1556"]
[BlackElo "1302"]
[PlyCount "86"]
[EventDate "2016.??.??"]

1. e4 e5 2. Nf3 Nc6 3. Bb5 Nf6 4. d3 Bb4+ 5. c3 Bc5 6. Bxc6 bxc6 7. Nxe5 Qe7 8.
Ng4 d5 9. Nxf6+ Qxf6 10. O-O O-O 11. d4 Be7 12. e5 Qe6 13. Bf4 c5 14. Nd2 cxd4
15. cxd4 c5 16. Nf3 cxd4 17. Qxd4 Rb8 18. a3 f6 19. b4 Ba6 20. Rfe1 Rb7 21.
exf6 Qxf6 22. Qxd5+ Rf7 23. Bg5 Qd6 24. Qxd6 Bxd6 25. Re8+ Rf8 26. Rxf8+ Bxf8
27. Rc1 Rb5 28. Be3 Bd6 29. g3 Bb7 30. Nd4 Rd5 31. Ne6 a6 32. Nc5 Bxc5 33. Bxc5
Rd2 34. Ra1 Rd3 35. h4 Kf7 36. Re1 Kf6 37. a4 Rd5 38. a5 h6 39. Kh2 g5 40.
hxg5+ Kxg5 41. Be3+ Kg4 42. Kg2 Rh5+ 43. Kf1 Bf3
0-1

[Event "Konnerud høstturnering"]
[Site "Konnerud kino bydelshus"]
[Date "2016.09.28"]
[Round "3"]
[White "Nilsen, Helmer"]
[Black "Sveia, Per Arne"]
[Result "1-0"]
[WhiteElo "1550"]
[BlackElo "1178"]
[PlyCount "89"]
[EventDate "2016.??.??"]

1. d4 b6 2. Nf3 Bb7 3. e3 e6 4. c4 Nf6 5. Be2 c5 6. O-O d5 7. dxc5 Bxc5 8. cxd5
Bxd5 9. Bb5+ Bc6 10. Qxd8+ Kxd8 11. Rd1+ Kc7 12. Bxc6 Nxc6 13. a3 Rad8 14. Rxd8
Rxd8 15. Nfd2 Bd6 16. f3 g5 17. Nc4 Bc5 18. Kf2 b5 19. b4 Bf8 20. Ncd2 Bg7 21.
Ra2 Ne5 22. Ke2 Nd3 23. Rc2+ Kb6 24. Nb3 Nxc1+ 25. Rxc1 Nd5 26. Rc2 f5 27. g3
Be5 28. Nc5 Rd6 29. e4 Nf6 30. f4 gxf4 31. gxf4 Bxf4 32. Kf3 Bg5 33. exf5 exf5
34. Nc3 Rd4 35. Ne2 Rh4 36. Kg2 h5 37. Ne6 Rg4+ 38. Kf3 Bh6 39. N2d4 f4 40.
Rc6+ Kb7 41. Nc5+ Kb8 42. Rxf6 Bg7 43. Nc6+ Kc8 44. Re6 Bb2 45. Nxa7+
1-0

[Event "Konnerud høstturnering"]
[Site "Konnerud kino bydelshus"]
[Date "2016.09.28"]
[Round "3"]
[White "Aure, Håvard"]
[Black "Jahnsen, Bjørn"]
[Result "0-1"]
[WhiteElo "1459"]
[BlackElo "1534"]
[PlyCount "68"]
[EventDate "2016.??.??"]

1. e4 e6 2. d4 c6 3. Nc3 Nf6 4. Nf3 h6 5. Be2 Bb4 6. Bd2 Bxc3 7. Bxc3 Nxe4 8.
Bb4 d5 9. Ne5 Nd7 10. f3 Nef6 11. O-O Qb6 12. Nxd7 Nxd7 13. Bc3 O-O 14. Kh1 Nf6
15. a3 Qc7 16. Qd2 b5 17. Qc1 Qb6 18. Rd1 a5 19. b4 axb4 20. axb4 Bb7 21. Qb2
Nh5 22. Bd2 Qc7 23. Rxa8 Bxa8 24. Qc1 f5 25. Bxh6 gxh6 26. Qxh6 Ng7 27. Rg1 Qe7
28. Ra1 Qxb4 29. h3 Qxd4 30. c3 Qxc3 31. Ra7 Qb2 32. f4 Qd4 33. Bh5 Qxa7 34.
Bg6 Ne8
0-1

[Event "Konnerud høstturnering"]
[Site "Konnerud kino bydelshus"]
[Date "2016.11.16"]
[Round "3"]
[White "Damli, Robert Forthun"]
[Black "Løvaas, Roger"]
[Result "0-1"]
[WhiteElo "1330"]
[BlackElo "1510"]
[PlyCount "62"]
[EventDate "2016.??.??"]

1. e4 e5 2. Nf3 Nc6 3. Nc3 Nf6 4. Bb5 d6 5. d3 Bd7 6. O-O Be7 7. Be3 O-O 8. Re1
a6 9. Bxc6 Bxc6 10. Nh4 Nxe4 11. Nxe4 Bxh4 12. Qg4 f5 13. Qh3 fxe4 14. Qg4 Bd7
15. Qxe4 Bc6 16. Qg4 Bd7 17. Qe4 c6 18. Qc4+ Kh8 19. Qc3 Qf6 20. Rf1 d5 21. Qe1
d4 22. Bd2 c5 23. Qe2 Bc6 24. g3 Bf3 25. Qe1 Bg5 26. Bxg5 Qxg5 27. h4 Qg4 28.
Kh2 Rae8 29. Qa5 g5 30. hxg5 Qh5+ 31. Kg1 Qh1#
0-1

[Event "Konnerud høstturnering"]
[Site "Konnerud kino bydelshus"]
[Date "2016.10.12"]
[Round "4"]
[White "Taksrud, Vidar"]
[Black "Rørvik, Jon"]
[Result "1/2-1/2"]
[WhiteElo "1991"]
[BlackElo "2145"]
[PlyCount "33"]
[EventDate "2016.??.??"]

1. d4 d5 2. Nf3 Nf6 3. g3 e6 4. Bg2 Nbd7 5. O-O Bd6 6. c4 c6 7. Nc3 O-O 8. e4
dxe4 9. Ng5 e5 10. Ncxe4 Be7 11. d5 cxd5 12. cxd5 Nxe4 13. Nxe4 Rb8 14. d6 Bf6
15. Be3 b6 16. Rc1 g6 17. Rc7
1/2-1/2

[Event "Konnerud høstturnering"]
[Site "Konnerud kino bydelshus"]
[Date "2016.10.12"]
[Round "4"]
[White "Aure, Anders Nilsson"]
[Black "Olaisen, Jan Magnus"]
[Result "1/2-1/2"]
[WhiteElo "1757"]
[BlackElo "1788"]
[PlyCount "42"]
[EventDate "2016.??.??"]

1. c4 Nf6 2. Nc3 e6 3. d4 Be7 4. Bg5 d5 5. cxd5 exd5 6. e3 O-O 7. Bd3 Nbd7 8.
Qc2 h6 9. Bh4 c6 10. Nf3 Re8 11. O-O Nf8 12. Rab1 Be6 13. b4 b5 14. Rfc1 N8d7
15. Ne2 Rc8 16. a4 a6 17. h3 Nb6 18. Nf4 Nc4 19. Nxe6 fxe6 20. Qa2 Nd7 21. Bxe7
Qxe7
1/2-1/2

[Event "Konnerud høstturnering"]
[Site "Konnerud kino bydelshus"]
[Date "2016.11.16"]
[Round "4"]
[White "Marthinussen, Emma Viktoria L"]
[Black "Næss, Terje Sandviken"]
[Result "1-0"]
[WhiteElo "1302"]
[BlackElo "1696"]
[PlyCount "97"]
[EventDate "2016.??.??"]

1. e4 e6 2. d4 c6 3. Nf3 d5 4. exd5 cxd5 5. c4 Nf6 6. Nc3 Bb4 7. cxd5 Nxd5 8.
Bd2 O-O 9. Nxd5 Bxd2+ 10. Qxd2 Qxd5 11. b3 b6 12. Bc4 Qe4+ 13. Be2 Rd8 14. O-O
Bb7 15. Rfe1 Qg4 16. h3 Qg6 17. Bd3 Qf6 18. Be4 Bxe4 19. Rxe4 Nc6 20. Rae1 g6
21. Rf4 Qg7 22. Rfe4 Rd5 23. Ne5 Ne7 24. Rd1 Rad8 25. Qb4 f6 26. Nf3 Nc6 27.
Qc3 Qd7 28. Rde1 Re8 29. Rc1 f5 30. Rf4 Rd6 31. Ne5 Nxe5 32. dxe5 Rd2 33. Rh4
Rxa2 34. Qc7 Rd2 35. Ra4 Re7 36. Qb8+ Kg7 37. Rc8 Rd4 38. Rg8+ Kh6 39. Qf8+ Kg5
40. Qf6+ Kf4 41. Rxd4+ Qxd4 42. Qxe7 Qd1+ 43. Kh2 Qxb3 44. Qh4+ Kxe5 45. Qxh7
a5 46. Qg7+ Kd6 47. Qd4+ Ke7 48. Rg7+ Kf8 49. Qf6+
1-0

[Event "Konnerud høstturnering"]
[Site "Konnerud kino bydelshus"]
[Date "2016.11.01"]
[Round "4"]
[White "Høisveen, Tore"]
[Black "Nilsen, Helmer"]
[Result "0-1"]
[WhiteElo "1566"]
[BlackElo "1550"]
[PlyCount "86"]
[EventDate "2016.??.??"]

1. e4 c5 2. Nf3 Nc6 3. Bc4 e6 4. Nc3 Nge7 5. a3 g6 6. d3 Bg7 7. Bd2 O-O 8. O-O
d5 9. exd5 Nxd5 10. Qc1 Nd4 11. Nxd4 Nxc3 12. bxc3 cxd4 13. cxd4 Qxd4 14. Rb1
b6 15. a4 Bb7 16. a5 Qg4 17. f3 Qh5 18. axb6 axb6 19. Rxb6 Bd4+ 20. Be3 Bxb6
21. Bxb6 Bd5 22. Bxd5 Qxd5 23. Be3 Rfc8 24. Qd2 Qa2 25. Rc1 Rab8 26. Bd4 Qd5
27. Bf2 Rb2 28. Bh4 Qc5+ 29. Bf2 Rxc2 30. Rxc2 Qxc2 31. Qxc2 Rxc2 32. Kf1 e5
33. d4 Rc1+ 34. Ke2 Rc2+ 35. Kf1 exd4 36. Bxd4 f5 37. g3 Rxh2 38. Bf2 Kf7 39.
Ke2 g5 40. f4 gxf4 41. gxf4 Ke6 42. Kf3 Rxf2+ 43. Kxf2 Kd5
0-1

[Event "Konnerud høstturnering"]
[Site "Konnerud kino bydelshus"]
[Date "2016.10.12"]
[Round "4"]
[White "Ruud, Steffen"]
[Black "Andersson, Øivind"]
[Result "0-1"]
[WhiteElo "1526"]
[BlackElo "1556"]
[PlyCount "62"]
[EventDate "2016.??.??"]

1. d4 d5 2. e3 Nf6 3. c4 Bd7 4. Nf3 e6 5. Nc3 Bb4 6. Bd2 Nc6 7. a3 Bxc3 8. Bxc3
Ne4 9. Bd3 Nxc3 10. bxc3 O-O 11. O-O Ne7 12. c5 b6 13. cxb6 cxb6 14. Qc2 f5 15.
c4 Rc8 16. Qb3 Be8 17. Ng5 Rf6 18. cxd5 Nxd5 19. Bc4 Bf7 20. e4 fxe4 21. Nxe4
Rg6 22. f4 Rxc4 23. f5 exf5 24. Rxf5 Nf6 25. Qf3 Qxd4+ 26. Nf2 Qxa1+ 27. Nd1
Qd4+ 28. Kh1 Qe4 29. Qf1 h6 30. Rf2 Rc1 31. Re2 Qd4
0-1

[Event "Konnerud høstturnering"]
[Site "Konnerud kino bydelshus"]
[Date "2016.10.12"]
[Round "4"]
[White "Omland, Harald"]
[Black "Damli, Robert Forthun"]
[Result "1-0"]
[WhiteElo "1547"]
[BlackElo "1330"]
[PlyCount "79"]
[EventDate "2016.??.??"]

1. f4 d5 2. Nf3 Nc6 3. e3 e6 4. Bb5 Bd7 5. O-O Nf6 6. Nc3 Bd6 7. a3 O-O 8. b4
a6 9. Be2 b5 10. Bb2 Ne7 11. Qe1 Nf5 12. Nh4 Nxh4 13. Qxh4 Ne4 14. Qxd8 Rfxd8
15. Nxe4 dxe4 16. c4 bxc4 17. Bxc4 f5 18. Rac1 c5 19. bxc5 Bxc5 20. Bxe6+ Bxe6
21. Rxc5 Rxd2 22. Bd4 Rc8 23. Rfc1 Rxc5 24. Rxc5 Ra2 25. Rc6 Bb3 26. Rxa6 Kf7
27. Ra7+ Kg8 28. Rxg7+ Kh8 29. Rb7+ Kg8 30. Rxb3 Kf7 31. Rb7+ Kg6 32. Ra7 h5
33. a4 h4 34. a5 Kh5 35. a6 Kg4 36. Ra8 h3 37. Rg8+ Kh4 38. gxh3 Kxh3 39. a7
Rxa7 40. Rh8+
1-0

[Event "Konnerud høstturnering"]
[Site "Konnerud kino bydelshus"]
[Date "2016.10.12"]
[Round "4"]
[White "Sveia, Per Arne"]
[Black "Løvaas, Roger"]
[Result "0-1"]
[WhiteElo "1178"]
[BlackElo "1510"]
[PlyCount "107"]
[EventDate "2016.??.??"]

1. c4 e5 2. d3 Nf6 3. Nf3 Nc6 4. b3 Bc5 5. e3 O-O 6. Bb2 Re8 7. Be2 d5 8. O-O
e4 9. dxe4 Nxe4 10. Nbd2 d4 11. Nxe4 Rxe4 12. Bd3 Re7 13. exd4 Rd7 14. d5 Nb4
15. Be4 c6 16. Ne5 Rd6 17. Qh5 g6 18. Qf3 Rf6 19. Qc3 cxd5 20. cxd5 Be7 21.
Rfd1 Qb6 22. Rf1 Bc5 23. Qg3 Bd4 24. Nc4 Qc5 25. Bxd4 Qxd4 26. Bf3 Qf4 27. Qxf4
Rxf4 28. d6 Kf8 29. Rfe1 Nc2 30. Rac1 Nxe1 31. Rxe1 Rb8 32. Ne5 f6 33. Nc4 Bd7
34. Re7 Re8 35. Rxe8+ Kxe8 36. Bxb7 Rd4 37. h3 Bb5 38. Na3 Bd3 39. Bc6+ Kd8 40.
Bb5 Rxd6 41. Bc4 Bxc4 42. Nxc4 Rd1+ 43. Kh2 Ra1 44. a4 Rb1 45. Na5 Kc7 46. g4
Kb6 47. Nc4+ Kc5 48. Nd2 Rb2 49. Ne4+ Kd4 50. Ng3 Rxf2+ 51. Kg1 Rb2 52. Kf1
Rxb3 53. Ne2+ Ke4 54. Ng1
0-1